| 000 | 01140nam a22002777a 4500 | ||
|---|---|---|---|
| 001 | 9903 | ||
| 003 | FISKH | ||
| 005 | 20260313092834.0 | ||
| 008 | 260313b cb ||||| |||| 00| 0 eng d | ||
| 020 | _a9781406327717 | ||
| 040 |
_aFISKH _beng _cFISKH _dFISKH |
||
| 050 | _aPZ7 | ||
| 082 | _a813.6 | ||
| 100 |
_aJavaherbin, Mina _eAuthor |
||
| 245 |
_aGoal! / _cMina Javaherbin ; illustrated by A. G. Ford |
||
| 260 |
_aLondon : _bWalker Books , _c2010 |
||
| 300 |
_a24 unnumbered pages : _bcolor illustrations ; _c29 cm |
||
| 505 | _aJ | ||
| 520 | _aA lyrical, strikingly illustrated story celebrates the unifying power of soccer. In a dusty township in South Africa, Ajani and his friends have earned a brand-new, federation-size soccer ball. They kick. They dribble. They run. They score. These clever boys are football champions But when a crew of bullies tries to steal their ball, will Ajani and his friends be able to beat them at their own game? | ||
| 521 | 8 |
_a480
_bLexile AD |
|
| 521 | 8 |
_aJ
_bRaz-Plus |
|
| 650 |
_aAfrica _vCulture |
||
| 700 |
_aFord, A. G. _eIllustrator |
||
| 942 |
_2ddc _cBK _n0 |
||
| 999 |
_c9903 _d9903 |
||